| 000 | 01444cam a2200217 4500 | ||
|---|---|---|---|
| 001 | ##L131441 | ||
| 008 | 051103n2005 000 0 eng u | ||
| 020 | _a1851127968 | ||
| 035 | _a(Sirsi) u131441 | ||
| 041 | 0 | _aeng | |
| 050 | 0 | 4 | _a690.26 $2 18 |
| 110 | 1 |
_aUnited Kingdom _bOffice of the Deputy Prime Minister |
|
| 245 | 0 | 0 | _aGuidance on the development of a site clearance capability in England and Wales |
| 260 |
_aLondon _bODPM _c2005 |
||
| 520 | _aThis joint ODPM and Welsh Assembly Government guidance is aimed at those with key roles in planning for, and responding to, all kinds of emergency incidents - naturally occurring, accidental or caused by terrorists - requiring the exercise of a site clearance capability involving the clear-up of rubble and debris generated. It covers planning for site clearance, undertaking a site clearance operation and meeting the cost of site clearance and reflects the current legislative framework, bringing together information on best practice in site clearance planning and response. It covers England and Wales but is being shared with the devolved administrations in Scotland and Northern Ireland. | ||
| 590 | _aIKA081105 | ||
| 690 | _aENVIRONMENTAL AND LAND CONSULTANCY-WASTE MANAGEMENT | ||
| 710 | 1 |
_aWales _bWelsh Assembly Government |
|
| 856 | 4 | 0 |
_uhttps://www.communities.gov.uk/documents/fire/pdf/128905.pdf _zView the guidance free of charge at www.odpm.gov.uk... |
| 942 | _n0 | ||
| 999 |
_c104763 _d104763 |
||